Dân chủ trực tiếp ở Việt Nam : Lý luận và thực tiễn
Nội dung cuốn sách tập trung làm sáng tỏ những vấn đề lý luận và thực tiễn về dân chủ và dân chủ trực tiếp trên thế giới và ở Việt Nam, nhìn nhận, đánh giá thực trạng, đồng thời đề xuất một số giải pháp, kiến nghị nhằm phát huy...
Uloženo v:
| Hlavní autor: | |
|---|---|
| Médium: | Kniha |
| Jazyk: | Undetermined |
| Vydáno: |
Hà Nội
Chính trị - hành chính
2010
|
| Témata: | |
| Tagy: |
Přidat tag
Žádné tagy, Buďte první, kdo otaguje tento záznam!
|
| Thư viện lưu trữ: | Trung tâm Học liệu Trường Đại học Cần Thơ |
|---|
| LEADER | 01118nam a2200217Ia 4500 | ||
|---|---|---|---|
| 001 | CTU_160943 | ||
| 008 | 210402s9999 xx 000 0 und d | ||
| 020 | |c 25000 | ||
| 082 | |a 321.8 | ||
| 082 | |b M107 | ||
| 100 | |a Nguyễn, Văn Mạnh | ||
| 245 | 0 | |a Dân chủ trực tiếp ở Việt Nam : | |
| 245 | 0 | |b Lý luận và thực tiễn | |
| 245 | 0 | |c Nguyễn Văn Mạnh, Tào Thị Quyên | |
| 260 | |a Hà Nội | ||
| 260 | |b Chính trị - hành chính | ||
| 260 | |c 2010 | ||
| 520 | |a Nội dung cuốn sách tập trung làm sáng tỏ những vấn đề lý luận và thực tiễn về dân chủ và dân chủ trực tiếp trên thế giới và ở Việt Nam, nhìn nhận, đánh giá thực trạng, đồng thời đề xuất một số giải pháp, kiến nghị nhằm phát huy các hình thức dân chủ trực tiếp hiện nay ở nước ta. | ||
| 650 | |a Democracy,Dân chủ | ||
| 904 | |i Nhớ, Năm | ||
| 980 | |a Trung tâm Học liệu Trường Đại học Cần Thơ | ||